000 00480nam a2200169Ia 4500
005 20250423100802.0
008 250422s9999 xx 000 0 und d
020 _a9780821348758
050 _aJF 60 .W67/
100 _aWorld Bank Public Sector Board
245 0 _aReforming public institutions and strengthening governance: a world bank strategy November 2000
260 _aWashington, D.C.
260 _bThe World bank
260 _c2000
300 _a220 p
942 _cBK
999 _c34335
_d34335